Lady Hamiltonová Historický a životopisný román

Bibliographic Details
Main Author: Dumas, Alexandre, 1802-1870 (Author)
Other Authors: Špičák, Josef, 1918-1989 (Translator)
Format: Book
Language:Czech
French
PhysicalDescription:410 s.
Published: Praha Melantrich 1970
Edition:1. vyd.
Subjects:

MARC

LEADER 00000cam a2200000 a 4500
001 vtls001364232
003 SK-MaSNL
005 20260301201134.0
008 210928s1970 xr grh 0000fbcze
035 |a SNK000317872 
040 |a SNK  |b slo  |c SNK  |e AACR2 
041 1 |a cze  |h fre 
044 |a xr  |c CZ 
072 7 |a 821.133.1-3  |x Francúzska próza, francúzsky písaná  |2 konspekt 
080 |a 821.133.1-31  |2 2011 
100 1 |a Dumas, Alexandre,  |d 1802-1870  |4 aut  |9 209232 
245 1 0 |a Lady Hamiltonová  |b Historický a životopisný román  |c Alexandre Dumas ; z francúzskeho originálu přeložil Josef Špičák 
250 |a 1. vyd. 
260 |a Praha  |b Melantrich  |c 1970 
300 |a 410 s. 
600 1 7 |a Hamilton, Emma,  |c Lady,  |d asi 1761-1815  |2 SNKMA  |9 455049 
655 7 |a francúzske romány  |2 SNKPH  |9 70252 
655 7 |a historické romány  |2 SNKPH  |9 70253 
655 7 |a biografické romány  |2 SNKPH  |9 1532 
700 1 |a Špičák, Josef,  |d 1918-1989  |4 trl  |9 263343 
958 |a OND 
999 |c 893540  |d 895470 
952 |t P60, <05>, [BOOK], {605}  |a SNK  |b SNK  |y NEVYP  |7 0  |p 17A0195460  |o snkID 52769 D1  |0 0  |1 1  |4 0  |d 1999-05-26  |l 0  |r 2005-01-02 00:00:00  |w 2026-02-24